| 000 | 00682nam a2200229 a 4500 | ||
|---|---|---|---|
| 001 | 000043252 | ||
| 003 | DO-SdBNP | ||
| 005 | 20220419115741.0 | ||
| 007 | ta | ||
| 008 | 140303s2014 dr 000 0 spa d | ||
| 020 | _a9789945885347 | ||
| 040 |
_aDO-SdBNP _bspa _cBNPHU |
||
| 082 | 4 | _222 | |
| 100 | 1 |
_aCastillo Salas, Máximo, _d1960- _970856 |
|
| 245 | 1 | 0 |
_aDesafíos del presente : _buna opción de vida / _cMáximo Castillo Salas. |
| 260 |
_aSanto Domingo : _bBiik, _c2014. |
||
| 300 |
_a228 p. ; _c23 cm. |
||
| 500 | _aIncluye datos biográficos del autor en las solapas | ||
| 504 | _aBibliografía : p. [229-231]. | ||
| 590 | _aInventariado, 2022/BT | ||
| 942 |
_2ddc _cLBS1 |
||
| 999 |
_c42741 _d42741 |
||